Life : Wordbook

में बचाया:
ग्रंथसूची विवरण
मुख्य लेखक: Stephenson, Helen
स्वरूप: Sách
भाषा:Undetermined
प्रकाशित: National geographic learning 2019
विषय:
टैग : टैग जोड़ें
कोई टैग नहीं, इस रिकॉर्ड को टैग करने वाले पहले व्यक्ति बनें!
Thư viện lưu trữ: Trung tâm Thư viện - Trường Đại học Công nghiệp TP. Hồ Chí Minh
LEADER 00454nam a2200157Ia 4500
001 UIH_00345
008 230809s9999 xx 000 0 und d
082 |a 428 
100 |a Stephenson, Helen 
245 0 |a Life : Wordbook 
245 0 |c Stephenson, Helen 
260 |b National geographic learning 
260 |c 2019 
650 |a Learing English; 
927 |a Sách 
980 |a Trung tâm Thư viện - Trường Đại học Công nghiệp TP. Hồ Chí Minh